000 00602nam a22001937a 4500
999 _c62211
_d62211
005 20240801193342.0
008 240801s2016 en ||||| |||| 00| 0 eng d
020 _a ‎ 9789351296249 X
041 _aeng
080 _a611.013S-12
100 _a Sadler, T.W.
_d(Author)
_923046
245 _aLangman's Medical Embryology /
_c T.W. Sadler
250 _a13th edition
264 _aNew Delhi :
_bWolters Kluwer,
_c2015.
300 _a407 p.:
_bill;
_c23 cm.
653 _aLangman's Medical Embryology
653 _aსამედიცინო ემბრიოლოგია
942 _2udc
_cBK